000 00690nam a2200241Ia 4500
003 OSt
005 20221005093041.0
006 a|||||r|||| 00| 0
007 ta
008 221004b |||||||| |||| 00| 0 eng d
024 _a74393
037 _cTextual
040 _aCRL
_cCRL
_beng
041 _2eng
_aeng
082 _aO111973,3:g, J6
100 _aO'Faolain Sean
_922024
245 0 _aVanishing hero
_b studies of the hero in the modern novel
260 _aNew York
_bThe Universal Library Grosset & Dunlap USA
_c1956
300 _a204p
_ccm.
650 _aENGLISH LITERATURE
942 _hO111973,3:g, J6
_cTEXL
_2cc
999 _c999762
_d999762